Gaming Quiz

Random Gaming or Nintendo Quiz

Nintendo Land (Slideshow) Quiz Stats

 Plays Quiz not verified by Sporcle

Challenge
Share
Tweet
Score 0/22 Timer 08:00
0 Plays Today
% Correct
Luigi
70.2%
The Legend of Zelda: Battle Quest
70.2%
Mario
68.1%
Toad
66%
Olimar
66%
Pikmin
63.8%
Samus Aran
63.8%
Gold Ghost
61.7%
Link
59.6%
Mario Chase
55.3%
Animal Crossing: Sweet Day
48.9%
% Correct
Pikmin Adventure
48.9%
Animal
46.8%
Luigi's Ghost Mansion
44.7%
Octopus Dance
42.6%
Donkey Kong's Crash Course
40.4%
Monita
38.3%
Yoshi's Fruit Cart
38.3%
Metroid Blast
38.3%
Takamaru's Ninja Castle
31.9%
Captain Falcon's Twister Race
29.8%
Balloon Trip Breeze
27.7%

You're not logged in!

Compare scores with friends on all Sporcle quizzes.
Join for Free
OR
Log In

You Might Also Like...

Show Comments

Extras

Created Oct 11, 2013ReportNominate
Tags:Nintendo Quiz, land, Slideshow

Top Quizzes Today


Score Distribution

Your Account Isn't Verified!

In order to create a playlist on Sporcle, you need to verify the email address you used during registration. Go to your Sporcle Settings to finish the process.

Report this User

Report this user for behavior that violates our Community Guidelines.

Details: